000 00511nam a22001817a 4500
999 _c17501
_d17501
008 190228b xxu||||| |||| 00| 0 eng d
020 _a8125931201
040 _aKABU
_cKABU
050 _aHG181
_b.P36 2009 c. 1
100 _aPandian, Punithavathy
245 _aFinancial services and markets
_cPunithavathy Pandian
260 _aNew Delhi
_bVikas
_c2009
300 _axiii, 418 p.
650 _aFinancial institutions
650 _aBanks and banking
650 _aFinance
942 _2lcc
_cBK
_hHG181